Villes françaises dans l'histoire - Statistiques

Statistiques générales
  • Ce quiz a été pris 306 fois
    200 depuis la dernière actualisation
  • Le résultat moyen est 14 sur 20
Statistiques - réponses
Hint Réponse % Correct
Bataille emblématique de la 1ère Guerre mondiale. Verdun
90%
Un édit y a été signé, mettant fin aux guerres de religion. Nantes
89%
Capitale de l'État français sous l'Occupation. Vichy
89%
Ville où sont sacrés les rois de France. Reims
87%
Ville portant le nom de Lutèce jusqu'en 310. Paris
86%
Ville où est né Napoléon 1er. Ajaccio
79%
Ville dans laquelle se trouve le château commandité par François 1er. Chambord
78%
Ville de naissance de Jeanne d'Arc. Domrémy-la-Pucelle
78%
Ville où ont été signés les accords mettant fin à la guerre d'Algérie. Évian
73%
Village où a été rattrapé Louis XVI en fuite. Varennes
72%
La capitale des Gaules. Lyon
70%
Charles Martel y arrêta une armée en 732. Poitiers
63%
Ville qui fut le théâtre d'une bataille de la guerre de Cent Ans en 1415. Azincourt
60%
Ville détruite à plus de 80% par des bombardements aériens en septembre 1944. Le Havre
60%
Ville où fut signé le traité de Paix de la Première Guerre mondiale en 1919. Versailles
58%
Première capitale des Francs par Clovis. Soissons
57%
Ville où fut signé l'armistice de 1918 dans un train. Compiègne
54%
Ville particulièrement touchée par la peste en 1720. Marseille
52%
La chanson «La Marseillaise» a été composée dans cette ville. Strasbourg
44%
Ville où a été créé l'ordre des Templiers. Troyes
41%
Aucun quiz correspondant
Distribution des résultats
% des personnes avec chaque résultat
Percentile par nombre de réponses
Votre historique - résultats
Vous n’avez pas pris ce quiz depuis la dernière actualisation